Musique - Les singles de Michael Jackson de 1979 à 2001 - Statistiques

Statistiques générales
  • Ce quiz a été pris 104 fois
  • Le résultat moyen est 22 sur 37
Statistiques - réponses
Date de sortie américaine Titre du single Extrait de l'album Meilleur classement au Billboard Hot 100 % Correct
Novembre 1983 Thriller Thriller 4e
98%
Septembre 1987 Bad Bad 1er
96%
Février 1983 Beat It Thriller 1er
94%
Janvier 1983 Billie Jean Thriller 1er
94%
Octobre 1988 Smooth Criminal Bad 7e
88%
Avril 1988 Dirty Diana Bad 1er
80%
Juillet 1979 Don't Stop 'Til You Get Enough Off the Wall 1er
80%
Novembre 1979 Rock with You Off the Wall 1er
76%
Novembre 1991 Black or White Dangerous 1er
75%
Janvier 1980 Off the Wall Off the Wall 10e
74%
Juillet 1983 Human Nature Thriller 7e
73%
Janvier 1992 Remember the Time Dangerous 3e
70%
Mai 1983 Wanna Be Startin' Somethin' Thriller 5e
68%
Septembre 1983 P.Y.T. (Pretty Young Thing) Thriller 10e
67%
Avril 1996 They Don't Care About Us HIStory 30e
64%
Novembre 1995 Earth Song HIStory Non classée
63%
Août 2001 You Rock My World Invincible 10e
62%
Novembre 1992 Heal the World Dangerous 27e
60%
Octobre 1982 The Girl Is Mine Thriller 2e
60%
Juin 1992 Jam Dangerous 26e
58%
Janvier 1988 Man in the Mirror Bad 1er
57%
Octobre 1987 The Way You Make Me Feel Bad 1er
56%
Juillet 1989 Liberian Girl Bad Non classée
52%
Avril 1992 In the Closet Dangerous 6e
51%
Juillet 1997 HIStory / Ghosts HIStory in the Mix Non classée
49%
Mai 1995 Childhood / Scream HIStory 5e
45%
Janvier 1989 Leave Me Alone Bad Non classée
43%
Juillet 1995 You Are Not Alone HIStory 1er
39%
Juillet 1988 Another Part of Me Bad 11e
35%
Juillet 1992 Who Is It Dangerous 14e
35%
Juillet 1987 I Just Can't Stop Loving You Bad 1er
33%
Février 1993 Give In to Me Dangerous Non classée
32%
Avril 1980 She's Out of My Life Off the Wall 10e
31%
Septembre 1996 Stranger in Moscow HIStory 91e
31%
Mars 1997 Blood on the Dance Floor HIStory in the Mix 42e
27%
Juin 1993 Will You Be There Dangerous 7e
24%
Décembre 1993 Gone Too Soon Dangerous Non classée
17%
Aucun quiz correspondant
Distribution des résultats
% des personnes avec chaque résultat
Percentile par nombre de réponses
Votre historique - résultats
Vous n’avez pas pris ce quiz